| 000 | 01108nam a2200313 a 4500 | ||
|---|---|---|---|
| 001 | 000112146 | ||
| 003 | CHAP | ||
| 005 | 20220329144248.0 | ||
| 008 | 151208s2015 mx sm |||||||spa d | ||
| 010 | _a108607 | ||
| 011 | _a109579 | ||
| 040 | _cCHAP | ||
| 090 | _aTesis | ||
| 100 | 1 |
_aPérez Rojas, José Luis _9130288 |
|
| 245 | 1 | 0 |
_aDiseño de un sistema de siembra directa asistido por aire _h[En línea] _cpor José Luis Pérez Rojas. |
| 260 |
_aChapingo, Méx. : _bEl autor, _c2015. |
||
| 500 | _aPara ver el contenido del material haga clic en la liga | ||
| 502 | _aTesis (Ing. Mecánico Agrícola) -- UACH. Departamento de Ingeniería Mecánica Agrícola | ||
| 590 |
_aE5765TAJ _b05 _c20151208 _lUCH01 _h1030 |
||
| 590 |
_aE5765TAJ _b05 _c20151208 _lUCH01 _h1030 |
||
| 650 | 1 | 4 |
_aANSYS (Sistema para computadora) _9126754 |
| 650 | 1 | 4 |
_aArroz _xCultivo. _9128974 |
| 650 | 1 | 4 |
_aSembradoras _xDiseño y construcción. _9130289 |
| 650 | 1 | 4 |
_aSiembra directa. _9105840 |
| 856 |
_aFinding aid _uhttp://10.13.5.2/tesis/sist112146.pdf _zTeclea aquí |
||
| 901 | _aBK | ||
| 942 | _cTESIS | ||
| 942 | _n0 | ||
| 999 |
_c108607 _d108607 |
||